000 00524nam a2200217Ia 4500
003 OSt
005 20220924134346.0
006 a|||||r|||| 00| 0
007 ta
008 220923b |||||||| |||| 00| 0 snd d
024 _a273741
037 _cTextual
040 _aARTS
_cARTS
_bsnd
041 _2snd
_asnd
082 _aO1593,3N20,BE, [H7]
100 _aJotwani
_9192271
245 0 _aBeena
260 _c1947
942 _hO1593,3N20,BE, [H7]
_cTEXL
_2CC
999 _c437212
_d437212